|
|
|
|
| LEADER |
00000naa2a2200000 4500 |
| 001 |
622163 |
| 005 |
20231101133210.0 |
| 035 |
|
|
|a (RuTPU)RU\TPU\conf\20815
|
| 035 |
|
|
|a RU\TPU\conf\20814
|
| 090 |
|
|
|a 622163
|
| 100 |
|
|
|a 20170208d2016 k y0rusy50 ca
|
| 101 |
0 |
|
|a rus
|g rus
|
| 102 |
|
|
|a RU
|
| 105 |
|
|
|a y z 101zy
|
| 135 |
|
|
|a drgn ---uucaa
|
| 181 |
|
0 |
|a i
|
| 182 |
|
0 |
|a b
|
| 200 |
1 |
|
|a Оценка эффективности параллельного алгоритма совместного геостатистического моделирования
|f В. В. Шестаков
|g науч. рук. Д. Ю. Степанов
|
| 203 |
|
|
|a Текст
|c электронный
|
| 225 |
1 |
|
|a Математическое моделирование и компьютерный анализ данных
|
| 230 |
|
|
|a 1 компьютерный файл (pdf; 465 Кb)
|
| 300 |
|
|
|a Заглавие с титульного экрана
|
| 320 |
|
|
|a [Библиогр.: с. 245 (2 назв.)]
|
| 461 |
|
1 |
|0 (RuTPU)RU\TPU\conf\20573
|t Молодежь и современные информационные технологии
|o сборник трудов XIV Международной научно-практической конференции студентов, аспирантов и молодых ученых, г. Томск, 7-11 ноября 2016 г.
|o в 2 т.
|f Национальный исследовательский Томский политехнический университет (ТПУ), Институт кибернетики (ИК) ; под ред. В. С. Аврамчук [и др.]
|d 2016
|
| 463 |
|
0 |
|0 (RuTPU)RU\TPU\conf\20574
|t Т. 1
|v [С. 244-245]
|d 2016
|
| 610 |
1 |
|
|a труды учёных ТПУ
|
| 610 |
1 |
|
|a электронный ресурс
|
| 610 |
1 |
|
|a эффективность
|
| 610 |
1 |
|
|a параллельные алгоритмы
|
| 610 |
1 |
|
|a геостатистическое моделирование
|
| 610 |
1 |
|
|a распараллеливание
|
| 610 |
1 |
|
|a петрофизические параметры
|
| 610 |
1 |
|
|a СЛАУ
|
| 610 |
1 |
|
|a системы линейных алгебраических уравнений
|
| 700 |
|
1 |
|a Шестаков
|b В. В.
|c специалист в области информатики и вычислительной техники
|c аспирант Томского политехнического университета
|f 1992-
|g Валерий Владимирович
|2 stltpush
|3 (RuTPU)RU\TPU\pers\37862
|
| 702 |
|
1 |
|a Степанов
|b Д. Ю.
|c специалист в области информатики и вычислительной техники
|c доцент Томского политехнического университета, кандидат технических наук
|f 1971-
|g Дмитрий Юрьевич
|2 stltpush
|4 727
|
| 712 |
0 |
2 |
|a Национальный исследовательский Томский политехнический университет (ТПУ)
|b Институт кибернетики (ИК)
|2 stltpush
|3 (RuTPU)RU\TPU\col\18397
|
| 801 |
|
2 |
|a RU
|b 63413507
|c 20170210
|g RCR
|
| 856 |
4 |
|
|u http://earchive.tpu.ru/handle/11683/37013
|
| 942 |
|
|
|c BK
|